000 00635cam a22002051 4500
001 af 48003753
003 DLC
005 20260227110904.0
008 890210s1941 gw a 000 0 ger c
010 _aaf 48003753
035 _a(OCoLC)19169439
040 _aYale Univ. Library
_cCU
_dDLC
042 _apremarc
050 0 0 _aPN6195
_b.Z4
100 1 _aZglinitzki, Prusz von,
_d1884-1957.
245 1 0 _a"und alles wegen Evas Äpfelchen!"
_c[Von] Peter Purzelbaum [pseud.] Zeichnungen von Fritz Schönpflug.
260 _aMühlhausen,
_bBergwald-Verlag
_c[c1941]
300 _a159 p.
_billus.
_c19 cm.
650 0 _aGerman wit and humor.
999 _c5757
_d5757